| 000 | 00648nam a22001937a 4500 | ||
|---|---|---|---|
| 999 |
_c176122 _d176122 |
||
| 005 | 20201111133632.0 | ||
| 010 | _aUR-10927 | ||
| 020 |
_c200.00 _a9789390100415 |
||
| 035 | _aU-9482 | ||
| 037 | _bDBAD/PUB | ||
| 082 | _a840 | ||
| 100 | _aفر د و س جہا ں | ||
| 245 |
_aا د بی سر چشمے _cفر د و س جہا ں |
||
| 246 |
_bAdabi Sirchashme (Urdu) _aby Firdose Jahan |
||
| 260 |
_aN.Delhi _bEducational Publishing House _c2020 ء |
||
| 270 |
_aH.O.D1/16,Ansari Road,Darya ganj, _bN.Delhi _e110002 _k45678285,23216162 _l0091-11-23211540 |
||
| 300 |
_a144 ص _c22 Cm(Hb) |
||
| 942 |
_2ddc _cUR _h840 _mف ر د |
||